000 00749nas a2200253 4500
001 BR0809906
003 BR-BrBNA
005 20231205112549.0
007 ta
008 230509b bl.|||p| |||| 00| 00por d
040 _aBR-BrBNA
_bpor
_cBiblioteca Nacional de Agricultura
041 _a(En)
072 _aH10
100 1 _aGil-Santana, H.
100 1 _aMarques, O.M.
100 1 _aTangerini, N.
245 1 _aNew parasitoid of Automeris melanops (Walker)(Lepidoptera: Saturnidae: Hemileucinae)
650 _aLEPIDOPTERO
650 _aBIOLOGIA
650 _aPARASITISMO
773 0 _tMagistra (Brazil)
_xISSN 0102-5333
_g(Jan-Mar 2008), v. 20(1) p. 109-111
_wBR0809906
909 _a202311
_bLúcia
_c55
_dLúcia Elande
942 _2AGRIS
_n0
_cANA
999 _c198692
_d198692